| 000 | 00000ngm 2200000zi 4500 |
| 001 | 9.934131 |
| 003 | CaOODSP |
| 005 | 20250521095003 |
| 006 | m o c f |
| 007 | cr cn |||||||| |
| 008 | 240219s2024 quc059 fo vlsgn d |
| 020 | |a9780660703688 |
| 040 | |aCaOODSP|beng|erda|cCaOODSP |
| 041 | 7|aase|2ISO 639-3 |
| 043 | |an-cn--- |
| 086 | 1 |aEm12-120/2024E-MP4 |
| 086 | 1 |aEm12-120/2024Ase-MP4 |
| 245 | 00|aAccessible Canada roadmap. |
| 246 | 16|aDiscussion paper : |baccessible Canada roadmap |
| 264 | 1|a[Gatineau, Quebec] : |bGovernment of Canada, |c[2024] |
| 300 | |a1 online resource (14 video files (59 min., 16 sec.)) : |bsilent, colour |
| 336 | |atwo dimensional moving image|btdi|2rdacontent |
| 337 | |acomputer|bc|2rdamedia |
| 338 | |aonline resource|bcr|2rdacarrier |
| 500 | |aIssued by Employment and Social Development Canada. |
| 500 | |aIssued also in French under title: Feuille de route du Canada accessible. |
| 500 | |aAvailable as streaming videos or as downloadable MP4 files. |
| 505 | 0 |aList of abbreviations (53 sec.) -- Introduction (4 min., 6 sec.) -- Why a roadmap (3 min., 35 sec.) -- The Accessible Canada Act - laying the foundations for a barrier-free Canada (5 min., 59 sec.) -- Other entities involved in helping realize a barrier-free Canada (2 min., 24 sec.) -- Federally regulated public sector (6 min., 8 sec.) -- Core elements of the roadmap (1 min., 34 sec.) -- Guiding principles (3 min., 27 sec.) -- Outcomes (2 min., 16 sec.) -- Themes (9 min., 24 sec.) -- Discussion questions (2 min., 40 sec.) -- How to provide your feedback (1 min., 59 sec.) -- Annex A: Background on the Accessible Canada Act (5 min., 18 sec.) -- Annex B: tables of the proposed themes, areas of action and 5-year goals (9 min., 33 sec). |
| 520 | |a"The draft Roadmap set out in this document proposes over-arching themes, areas for action and accompanying 5-year goals. ESDC is also keen for stakeholders and partners to provide input on how to promote awareness of the Roadmap. Everyone who is involved in removing barriers to Canada should know about it, have access to it and/or apply it in their work"--Provided by publisher. |
| 530 | |aIssued also in PDF format. |
| 588 | |aDescription based on online resource; title from resource web page (Employment and Social Development Canada, viewed March 5, 2025). |
| 650 | 0|aBarrier-free design|zCanada|xPlanning. |
| 650 | 0|aBarrier-free design|xGovernment policy|zCanada. |
| 655 | 7|aInternet videos|2lcgft |
| 655 | 7|aVideo recordings for the hearing impaired|2lcgft |
| 655 | 7|aInstructional and educational works|2lcgft |
| 710 | 1 |aCanada. |bEmployment and Social Development Canada, |eissuing body. |
| 775 | 08|tFeuille de route du Canada accessible.|w(CaOODSP)9.934132 |
| 776 | 0#|tDiscussion paper : |w(CaOODSP)9.943200 |
| 794 | |tAccessible Canada roadmap.|w(CaOODSP)9.951248 |
| 856 | 40|qMP4|s51.6 MB|uhttps://publications.gc.ca/collections/collection_2025/edsc-esdc/Em12-120-2024-AB-ase.mp4|zList of abbreviations |
| 856 | 40|qMP4|s278 MB|uhttps://publications.gc.ca/collections/collection_2025/edsc-esdc/Em12-120-2024-1-ase.mp4|zIntroduction |
| 856 | 40|qMP4|s238 MB|uhttps://publications.gc.ca/collections/collection_2025/edsc-esdc/Em12-120-2024-2-ase.mp4|zWhy a roadmap |
| 856 | 40|qMP4|s228 MB|uhttps://publications.gc.ca/collections/collection_2025/edsc-esdc/Em12-120-2024-3-ase.mp4|zThe Accessible Canada Act |
| 856 | 40|qMP4|s154 MB|uhttps://publications.gc.ca/collections/collection_2025/edsc-esdc/Em12-120-2024-4-ase.mp4|zOther entities |
| 856 | 40|qMP4|s425 MB|uhttps://publications.gc.ca/collections/collection_2025/edsc-esdc/Em12-120-2024-4.1-4.6-ase.mp4|zFederally regulated public sector |
| 856 | 40|qMP4|s105 MB|uhttps://publications.gc.ca/collections/collection_2025/edsc-esdc/Em12-120-2024-5-ase.mp4|zCore elements of the roadmap |
| 856 | 40|qMP4|s235 MB|uhttps://publications.gc.ca/collections/collection_2025/edsc-esdc/Em12-120-2024-5.1-ase.mp4|zGuiding principles |
| 856 | 40|qMP4|s156 MB|uhttps://publications.gc.ca/collections/collection_2025/edsc-esdc/Em12-120-2024-5.2-ase.mp4|zOutcomes |
| 856 | 40|qMP4|s660 MB|uhttps://publications.gc.ca/collections/collection_2025/edsc-esdc/Em12-120-2024-5.3-ase.mp4|zThemes |
| 856 | 40|qMP4|s176 MB|uhttps://publications.gc.ca/collections/collection_2025/edsc-esdc/Em12-120-2024-6-ase.mp4|zDiscussion questions |
| 856 | 40|qMP4|s128 MB|uhttps://publications.gc.ca/collections/collection_2025/edsc-esdc/Em12-120-2024-7-ase.mp4|zHow to provide your feedback |
| 856 | 40|qMP4|s360 MB|uhttps://publications.gc.ca/collections/collection_2025/edsc-esdc/Em12-120-2024-A-ase.mp4|zAnnex A |
| 856 | 40|qMP4|s695 MB|uhttps://publications.gc.ca/collections/collection_2025/edsc-esdc/Em12-120-2024-B-ase.mp4|zAnnex B |
| 856 | 4 |qHTML|sN/A|uhttps://www.canada.ca/en/employment-social-development/programs/accessible-canada/consultation-framework-national-accessibility-action/discussion.html|zRoadmap videos |